Diario de Pilar en Amazonas /
Girando en la hamaca mágica, Pilar, Breno y el gato Samba van a parar a un barco en pleno río Amazonas, donde se hacen amigos de Bira y Maiara. Juntos, enfrentan los secretos del bosque encantado, habitado por la terrible Cobra Grande, y además descubren que sus árboles están siendo destruidos. En e...
Guardado en:
| Autor Principal: | |
|---|---|
| Otros Autores: | , |
| Formato: | Libro |
| Idioma: | Undetermined |
| Publicado: |
Buenos Aires :
V&R,
2019.
|
| Edición: | 1a ed. 7a reimp. |
| Materias: | |
| Etiquetas: |
Agregar Etiqueta
Sin Etiquetas, Sea el primero en etiquetar este registro!
|
| LEADER | 01300nam a22002295a 4500 | ||
|---|---|---|---|
| 001 | CEM.cems020880 | ||
| 008 | 240307s2019####ag############000#0#und#d | ||
| 005 | 20240307144511.0 | ||
| 245 | 1 | 0 | |a Diario de Pilar en Amazonas / |c Flávia Lins e Silva ; ilustrado por Joana Penna ; traducido por Georgina Dritsos. |
| 250 | |a 1a ed. 7a reimp. | ||
| 260 | |a Buenos Aires : |b V&R, |c 2019. | ||
| 300 | |a 148 p. | ||
| 500 | |a Título original: Diário de Pilar na Amazônia. | ||
| 520 | |a Girando en la hamaca mágica, Pilar, Breno y el gato Samba van a parar a un barco en pleno río Amazonas, donde se hacen amigos de Bira y Maiara. Juntos, enfrentan los secretos del bosque encantado, habitado por la terrible Cobra Grande, y además descubren que sus árboles están siendo destruidos. En este viaje repleto de aventuras y romance, Pilar vive experiencias increíbles y transformadoras. Si quieres conocer el Amazonas, si tienes mucho coraje y curiosidad, abre las páginas de este libro, ¡y buen viaje! | ||
| 020 | |a 9789876129183 | ||
| 100 | 1 | |a Lins e Silva, Flávia. | |
| 700 | 1 | |a Penna, Joana; il. | |
| 700 | 1 | |a Dritsos, Georgina; trad. | |
| 653 | |a Literatura brasilera | ||
| 653 | |a Novela infantil | ||
| 653 | |a Literatura infantil | ||
| 859 | |a CEMS |b BIB. CEMS - Inicial y Primaria |h B863.4 |i L651-2 |k IP |p 6413 |t Ej.1 | ||
